Franchise Films II Quiz Stats

 Plays Quiz Updated Jul 19, 2018

Also try: Franchise Films
Challenge
Share
Tweet
Embed
Score 0/49 Timer 10:00
0 Plays Today
Series Movie % Correct
Keanu Reeves and Co. Wage War Against the MachinesThe Matrix
91.3%
Genetically-Engineered Dinosaurs Wreak HavocJurassic Park
89.8%
Kristen Stewart Falls for a Sparkly VampireTwilight
86.9%
Hannibal Lector advises the FBI/Eats People/Etc.The Silence of the Lambs
83%
Shape-shifting Robots Do Battle on EarthTransformers
82.9%
A British Boy Wizard Comes of Age and Fights Evil Harry Potter and the Philosopher's Stone
80.9%
Keanu Reeves and Co. Wage War Against the MachinesThe Matrix Reloaded
80%
A British Boy Wizard Comes of Age and Fights Evil Harry Potter and the Prisoner of Azkaban
76.1%
A British Boy Wizard Comes of Age and Fights Evil (cont.)Harry Potter and the Deathly Hallows Part I
74.8%
A British Boy Wizard Comes of Age and Fights Evil (cont.)Harry Potter and the Deathly Hallows Part II
74.8%
A British Boy Wizard Comes of Age and Fights Evil Harry Potter and the Chamber of Secrets
74.6%
A British Boy Wizard Comes of Age and Fights Evil Harry Potter and the Goblet of Fire
74%
Hannibal Lector advises the FBI/Eats People/Etc.Hannibal
73.6%
A British Boy Wizard Comes of Age and Fights Evil (cont.)Harry Potter and the Half-Blood Prince
71.9%
Kristen Stewart Falls for a Sparkly VampireNew Moon
70.5%
A British Boy Wizard Comes of Age and Fights Evil (cont.)Harry Potter and the Order of the Phoenix
69%
A Bunch of Dwarves and a Hobbit Steal Treasure from a DragonThe Hobbit: The Desolation of Smaug
68.4%
Keanu Reeves and Co. Wage War Against the MachinesThe Matrix Revolutions
62.1%
Kristen Stewart Falls for a Sparkly VampireBreaking Dawn Part I
59.5%
Kristen Stewart Falls for a Sparkly VampireBreaking Dawn Part II
59.2%
Hannibal Lector advises the FBI/Eats People/Etc.Red Dragon
57.9%
Leather Clad Vampires Deal Death to LycansUnderworld
57%
Genetically-Engineered Dinosaurs Wreak HavocThe Lost World
54.7%
Kristen Stewart Falls for a Sparkly VampireEclipse
54.2%
Clint Eastwood and a Poncho Traverse the American WestThe Good, The Bad, and the Ugly
52.7%
Series Movie % Correct
A Bunch of Dwarves and a Hobbit Steal Treasure from a DragonThe Hobbit: An Unexpected Journey
51.9%
Genetically-Engineered Dinosaurs Wreak HavocJurassic Park III
48.4%
Shape-shifting Robots Do Battle on EarthTransformers: Dark of the Moon
44.2%
Shape-shifting Robots Do Battle on EarthTransformers: Revenge of the Fallen
40.5%
CIA Agent/Professor Jack Ryan Fights TerroristsThe Hunt for Red October
39.9%
Genetically-Engineered Dinosaurs Wreak HavocJurassic World: Fallen Kingdom
38.6%
Clint Eastwood and a Poncho Traverse the American WestA Fistful of Dollars
34.7%
CIA Agent/Professor Jack Ryan Fights TerroristsClear and Present Danger
33.6%
Ethan Hawke and Julie Delpy Walk Around European Cities Before Sunrise
33%
CIA Agent/Professor Jack Ryan Fights TerroristsPatriot Games
32.8%
Ethan Hawke and Julie Delpy Walk Around European Cities Before Sunset
32.7%
Clint Eastwood and a Poncho Traverse the American WestFor a Few Dollars More
31.9%
Leather Clad Vampires Deal Death to LycansUnderworld: Rise of the Lycans
31.5%
Shape-shifting Robots Do Battle on EarthTransformers: The Last Knight
31%
Shape-shifting Robots Do Battle on EarthTransformers: Age of Extinction
29.1%
CIA Agent/Professor Jack Ryan Fights TerroristsThe Sum of All Fears
26.8%
CIA Agent/Professor Jack Ryan Fights TerroristsJack Ryan: Shadow Recruit
25.7%
Hannibal Lector advises the FBI/Eats People/Etc.Hannibal Rising
25.4%
Ethan Hawke and Julie Delpy Walk Around European Cities Before Midnight
25.2%
Leather Clad Vampires Deal Death to LycansUnderworld: Evolution
24.3%
Genetically-Engineered Dinosaurs Wreak HavocJurassic World
20.8%
A Bunch of Dwarves and a Hobbit Steal Treasure from a DragonThe Hobbit: The Battle of the Five Armies
15.6%
Leather Clad Vampires Deal Death to LycansUnderworld: Awakening
11.4%
Leather Clad Vampires Deal Death to LycansUnderworld: Blood Wars
10.1%

You're not logged in!

Compare scores with friends on all Sporcle quizzes.
OR
Log In

You Might Also Like...

Show Comments

Extras

Top Quizzes Today


Score Distribution

Your Account Isn't Verified!

In order to create a playlist on Sporcle, you need to verify the email address you used during registration. Go to your Sporcle Settings to finish the process.

Report this User

Report this user for behavior that violates our Community Guidelines.

Details: